000 00873nam a22002771 4500
001 10787
003 BD-RjUL
005 20211208235021.0
008 140125s1967 at ab b 000 0 eng
035 _a(BD-RjUL)10836
040 _aDLC
_cDLC
_dBD-RjUL
_beng
041 _aeng
082 0 0 _a333.9100994
_bDUW 1967
100 1 _aDunk, W. P.
_933363
245 1 0 _aWater in Australia /
_cW. P. Dunk, M. D. Gange [and] S. J. Hutchinson.
250 _aRev. and enl. ed.]
260 _aMelbourne ;
_aCanberra :
_bCheshire,
_c1967.
300 _a88 p. :
_billus., maps, tables. ;
_c22 cm.
504 _aBibliography: p. [88].
650 0 _aWater resources development
_zAustralia.
_933364
700 1 _aGange, M. D.,
_ejoint author.
_933365
700 1 _aHutchinson, S. J.,
_ejoint author.
_933366
942 _2ddc
_cBK
999 _c10787
_d10787